CATIA V5-6R2013 for designers (Record no. 327975)

000 -LEADER
fixed length control field 00460 a2200145 4500
001 - CONTROL NUMBER
control field 92902
082 ## - DEWEY DECIMAL CLASSIFICATION NUMBER
Classification number 670.285 TIC
090 ## - LOCALLY ASSIGNED LC-TYPE CALL NUMBER (OCLC); LOCAL CALL NUMBER (RLIN)
-- 44562
-- 44563
100 ## - MAIN ENTRY--PERSONAL NAME
Personal name Sham Tickoo
245 ## - TITLE STATEMENT
Title CATIA V5-6R2013 for designers
Remainder of title CADCIM technologies
260 ## - PUBLICATION, DISTRIBUTION, ETC.
Place of publication, distribution, etc. USA
Name of publisher, distributor, etc. CADCIM technologies
Date of publication, distribution, etc. 2014
300 ## - PHYSICAL DESCRIPTION
Extent xxii, page varies
500 ## - GENERAL NOTE
General note Aerospace
650 ## - SUBJECT ADDED ENTRY--TOPICAL TERM
Topical term or geographic name entry element designers software- 3D
Location of event assembly design; wirefram & surface design ; free style; kinematics work bench
942 ## - ADDED ENTRY ELEMENTS (KOHA)
Institution code [OBSOLETE] CAE NUST
Call number prefix 670.285 TIC
Holdings
Withdrawn status Lost status Damaged status Not for loan Collection code Permanent Location Current Location Date acquired Total Checkouts Full call number Barcode Date last seen Price effective from Koha item type
          College of Aeronautical Engineering (CAE) College of Aeronautical Engineering (CAE) 04/03/2017   670.285 TIC CAE88887 04/05/2017 04/05/2017 Book
© 2023 Central Library, National University of Sciences and Technology. All Rights Reserved.